00479nam a22001697a 450000500170000000800410001702000180005804000210007604100080009708200180010524500600012325000120018326000330019530000100022865000400023870000310027820250227051049.0250227b |||||||| |||| 00| 0 eng d a9789387956650 aIN-DiNCcIN-DiNC dasm a891.4514bASA aAsamiya gadyar chaneki (C13)/ced. by Arabinda Rajkhowa a3rd ed. aDibrugarh:bBanalata,c2024. a240p. aSelection from Assamese prose (C13) aRajkhowa, ArabindaeEditor